000 01000nas a2200313 4500
001 BR7500699
003 BR-BrBNA
005 20231205082807.0
007 ta
008 230509b bl.|||p| |||| 00| 00por d
040 _aBR-BrBNA
_bpor
_cBiblioteca Nacional de Agricultura
041 _a(Pt)
072 _aF21; F22
100 1 _aMoraes, J.F.V.
100 1 _aFreire, C.J. da S.
100 1 _aSilva, E.C.
111 1 _a14. Congresso Brasileiro de Ciencia do Solo
_cSanta Maria, RS (Brazil)
_d16 Jul 1973
245 1 _aTransformacoes do nitrogenio em dois solos submetidos a inundacao [Rio Grande do Sul; Brasil]
650 _aBiologia do solo
650 _aFisica do solo
650 _aNitrificacao
650 _aAeracao
650 _aSolo
650 _aOxidacao
650 _aUmidade
773 0 _tPesquisa Agropecuaria Brasileira. Serie Agronomia (Brazil)
_xISSN 0079-113X
_g(1975), v. 10(11) p. 25-30
_wBR7500699
909 _a202311
_bLúcia
_c55
_dLúcia Elande
942 _2AGRIS
_n0
_cANA
999 _c94257
_d94257